00787nam a22001577a 4500003000900000005001700009008004100026040001300067100001800080245008400098250000600182260004700188300002000235490002400255520035000279IT-RoPau20220918175938.0130124b xxu||||| |||| 00| 0 eng d cIT-RoPau aMerlo , Tecla aPensieri tratti dalle conferenze della Prima Maestrab(Riservato alle Professe) aI aRomabTipografia Figlie di San Paoloc1954 a299 p.c14,5 cm aEdizioni PaolinevI aIndice Costituzioni Pietà - fervore Divozione alla Madonna Spirito di fede Generosità Povertà Castità Obbedienza Carità Vita Comune Umiltà Sincerità Serenità Spirito di adattamento Silenzio Amore ai Superiori e alla Congregazione Studio e apostolato Letture Vocazioni Cura della salute Pensieri d'occasione Avvisi vari Lettere